Patrología

Guardado en:
Detalles Bibliográficos
Autor principal: Quasten, Johannes (Autor)
Formato: Libro
Lenguaje:español
Publicado: Madrid Biblioteca de Autores Cristianos 1994
Edición:5a. ed
Colección:Biblioteca de Autores Cristianos, 217
Materias:
Etiquetas: Agregar Etiqueta
Sin Etiquetas, Sea el primero en etiquetar este registro!

MARC

LEADER 00000nam a2200000 a 4500
001 UCK4547
003 CL-VaPUC
008 050610e19940000SP |||||||||||||||||spa|d
020 |a 8422004194 
020 |a 8479141255v.2 
082 0 4 |a 270  |b QUA  |2 21 
100 0 |a Quasten, Johannes  |e author  |9 493093 
245 1 0 |a Patrología 
250 |a 5a. ed 
942 |c BK 
945 |d 20050610 00:00:00  |a cmena 
260 |a Madrid  |b Biblioteca de Autores Cristianos  |c 1994 
500 |a v.2: La edad de oro de la literatura patrística griega 
650 0 |a Patrística  |9 322007 
650 0 |a Monarquía   |9 255259 
651 7 |a ANTIOQUIA  |2 CL-VaPUC  |9 440767 
651 7 |a SIRIA  |2 CL-VaPUC  |9 368815 
651 7 |a ALEJANDRIA  |2 CL-VaPUC  |9 440103 
651 0 |a Egipto   |9 268199 
651 7 |a ASIA MENOR  |2 CL-VaPUC  |9 400482 
583 |a last modification  |c 20050610 00:00:00  |k Rodrigo Vera 
490 0 |a Biblioteca de Autores Cristianos, 217 
999 |c 313377  |d 313375 
952 |0 0  |1 0  |4 0  |6 270_000000000000000_QUA_1994  |7 0  |8 A  |9 384701  |a BIBTEO  |b BIBTEO  |d 2019-11-22  |h v.2  |i 4126262  |l 2  |o 270 QUA 1994  |p 4126262  |r 2025-01-17  |s 2023-10-25  |w 2019-11-22  |y BK  |k ICR